| 000 | 01209nam a2200313 i 4500 | ||
|---|---|---|---|
| 001 | 000046285 | ||
| 003 | DO-SdBNP | ||
| 005 | 20230509142408.0 | ||
| 007 | ta | ||
| 008 | 110303s2022 dr 000 0 spa d | ||
| 020 | _a9789945643381 | ||
| 020 | _a9789945643398 (digital) | ||
| 040 |
_aDO-SdBNP _bspa _cBNPHU _erda |
||
| 082 |
_bV798 _222 |
||
| 110 | _983335 | ||
| 245 | 1 | 0 | _aVisión constitucional del derecho a la igualdad de genero |
| 264 |
_aSanto Domingo : _bTribunal Constitucional de la República Dominicana, _c2022. |
||
| 300 |
_a364 paginas. ; _c24 cm. |
||
| 336 |
_2rdacontent _atexto _btxt |
||
| 337 |
_2rdamedia _asin mediación _bn |
||
| 338 |
_2rdacarrier _avolumen _bnc |
||
| 500 | _ahttps://observatoriojusticiaygenero.poderjudicial.gob.do/documentos/PDF/publicaciones/Lib_erecho_a_la_igualdad_de_ge_nero.pdf | ||
| 505 | _aPresentación 15 -- Prólogo 19 -- Introducción 25 -- Método 31 -- Antecedentes del presente estudio 37 -- Marco conceptual 45 -- Resultados 65 -- Conclusiones 123 -- Logros 126 -- Recomendaciones 129 -- Referencias bibliográficas 133 | ||
| 590 | _ainventariado, 2023 / DG | ||
| 650 | _961716 | ||
| 650 | _983348 | ||
| 910 | _aDG | ||
| 942 |
_2ddc _cLBS1 |
||
| 999 |
_c53461 _d53461 |
||